B:llä alkavat kaupungit kartalla - Statistics

Yleistilastot
  • Tätä visaa on pelattu 39 kertaa
  • Keskiarvotulos 22 / 30
Vastaukset kartalla
Vastauksille on annettu kartalla punavihreä väri sen mukaan, kuinka moni on saanut sen oikein.
 
Vastaustilastot
kaupunki % Oikein
Bryssel
100%
Boston
97%
Bergen
94%
Berliini
94%
Bogota
94%
Budapest
94%
Buenos Aires
94%
Bukarest
94%
Brasilia
91%
Bagdad
88%
Bangkok
88%
Barcelona
88%
Belgrad
84%
Birmingham
84%
Beirut
81%
Baku
78%
Bologna
78%
Brisbane
78%
Baltimore
66%
Bordeaux
63%
Busan
63%
Bamako
59%
Brazzaville
59%
Belo Horizonte
53%
Bloemfontein
50%
Beijing
41%
Belem
38%
Barranquilla
31%
Bandung
25%
Bengaluru
25%
Ehtoja vastaavia visoja ei löytynyt
Tulosjakauma
Jokaisen tuloksen saaneiden osuus
Persentiili vastausten määrän mukaan
Tuloshistoriasi
Et ole pelannut tätä visaa